00441nam a2200157Ia 4500003000400000008004100004040001600045082001700061100002600078245004500104700003200149300000800181490004000189650002800229650002600257GCL140319s9999 xx 000 0 ara d aGCL / cGCL04a928.9bم ت1 aنجيب المانع10aتولستوى / cنجيب المانع1 aماتلو. ئن رالف a313 aالالف كتاب الثانىv004aالادب الروسى04aتراجم ادبية